| 000 | 00536nam a2200181Ia 4500 | ||
|---|---|---|---|
| 001 | 17156 | ||
| 005 | 20260306170404.0 | ||
| 008 | 260306t2000||||xx |||||||||||||| ||und|| | ||
| 041 | _aESP | ||
| 082 |
_a657.48 _bD49 |
||
| 100 |
_aDel Río González, Cristóbal _eAUT |
||
| 245 | 0 |
_aEl presupuesto: _bgeneralidades, tradicional, áreas y niveles de responsabilidad, programas y actividades, base cero, así como teoría y práctica |
|
| 260 | _c2000 | ||
| 300 |
_a _c |
||
| 650 | _aGEN | ||
| 654 | _aCCO | ||
| 942 |
_cLIB _dJUS _fJUS _2ddc _n |
||
| 999 |
_c17156 _d17156 |
||